| 000 | 00396nam a2200145Ia 4500 | ||
|---|---|---|---|
| 008 | 210210b1968 xxu||||| |||| 00| 0 eng d | ||
| 082 | _a423.1 BRIB | ||
| 100 | _aBRIGHT (P S) and BRIGHT (Jagat S). | ||
| 245 | _aBrights dictionary of synonyms and antonyms. | ||
| 260 |
_aDelhi _bBright Careers _c1968 |
||
| 300 | _a159 | ||
| 650 | _aSynonyms antonyms | ||
| 690 | _aDictionaries | ||
| 906 | _a045097 | ||
| 999 |
_c94373 _d94373 |
||